000 00800nam a22002417a 4500
003 UA-OsUOA
001 29655
007 ta
008 20041020b un ||||| |||| 00| 0 ukr d
090 _a82.09(477)
_bД40
942 _cBK
040 _aUA-OsUOA
_bukr
_cUA-OsUOA
_dUA-OsUOA
245 _aДжерела безсмертного слова. Лесині місця на Волині
_bісторико-краєзнавчі нариси, поезія
_cупор. і ред. В. С. Гей
300 _a92 с.
_bІлюстрації
955 _a1
041 _aukr
080 _a82.09(477)
020 _a5-7707-9018-0
260 _aЛуцьк
_bНадстир'я
_c1996
044 _aUA
650 7 _a82 Література. Літературознавство
_2UDC
999 _c316050
_d316050